[Event "Sterkrade- Langenfeld"]
[Site "?"]
[Date "2023.12.03"]
[Round "4.1"]
[White "Keller, Karsten"]
[Black "Bashirov, Kemal"]
[Result "0-1"]
[WhiteElo "2197"]
[BlackElo "2366"]
[PlyCount "76"]
[EventDate "2023.??.??"]

1. Nf3 Nf6 2. c4 e6 3. d4 b6 4. a3 Bb7 5. Bf4 Be7 6. e3 d6 7. Nc3 Nbd7 8. Bd3 Nh5 9. Bg3 Nxg3 10. hxg3 h6 11. e4 c5 12. d5 e5 13. Qd2 O-O 14. O-O-O a6 15. Kb1 Re8 16. Nh2 Nf6 17. f4 Bc8 18. Nf3 Ng4 19. Nh2 Nxh2 20. Rxh2 Bf6 21. Rdh1 Bd7 22. Nd1 b5 23. Ne3 Rb8 24. b3 bxc4 25. Nxc4 Ba4 26. Bc2 exf4 27. e5 dxe5 28. gxf4 Bxb3 29. Bxb3 Rxb3+ 30. Ka2 Qb8 31. Qc2 exf4 32. Rh3 Rxh3 33. Rxh3 Re1 34. Nb2 Qe5 35. Rb3 Re2 36. Rb8+ Qxb8 37. Qxe2 Qxb2+ 38. Qxb2 Bxb2 0-1

[Event "Sterkrade- Langenfeld"]
[Site "?"]
[Date "2023.12.03"]
[Round "4.2"]
[White "Knudsen, Simon"]
[Black "Reinemer, Frank"]
[Result "1-0"]
[WhiteElo "2206"]
[BlackElo "2091"]
[PlyCount "93"]
[EventDate "2023.??.??"]

1. e4 Nf6 2. e5 Nd5 3. d4 d6 4. Nf3 g6 5. Bc4 Nb6 6. Bb3 Bg7 7. Ng5 e6 8. Qf3 Qd7 9. Ne4 dxe5 10. Nf6+ Bxf6 11. Qxf6 Rg8 12. dxe5 Qd4 13. Nc3 N8d7 14. Qf3 Nxe5 15. Qg3 f6 16. O-O Bd7 17. Bf4 g5 18. Bxe5 Qxe5 19. Qxe5 fxe5 20. Rfe1 Kf7 21. Rxe5 Rae8 22. Rae1 Rg6 23. Ne4 h6 24. Nc5 Bc8 25. a4 Na8 26. c3 c6 27. Bd1 g4 28. h3 Rg5 29. Rxg5 hxg5 30. Bxg4 Re7 31. Rd1 Nc7 32. Rd8 b6 33. Ne4 Bd7 34. Nxg5+ Kf6 35. f4 c5 36. a5 Nd5 37. g3 Ne3 38. Kf2 Nc4 39. axb6 axb6 40. b4 cxb4 41. cxb4 Na3 42. Rf8+ Kg7 43. Rb8 b5 44. Rb7 Kf6 45. Ne4+ Kg6 46. Nc5 Nc2 47. Rxd7 1-0

[Event "Sterkrade- Langenfeld"]
[Site "?"]
[Date "2023.12.03"]
[Round "4.3"]
[White "Reuter, Michael"]
[Black "Aulich, Marcell"]
[Result "1/2-1/2"]
[WhiteElo "2044"]
[BlackElo "2206"]
[PlyCount "75"]
[EventDate "2023.??.??"]

1. d4 d5 2. Nf3 Nf6 3. e3 Bf5 4. Ne5 e6 5. g4 Be4 6. f3 Bg6 7. h4 h5 8. Nxg6 fxg6 9. g5 Ng8 10. Bd3 Ne7 11. c4 Qd6 12. f4 dxc4 13. Qa4+ c6 14. Qxc4 Nd7 15. Nc3 Nb6 16. Qb3 Nf5 17. Bd2 O-O-O 18. O-O-O Kb8 19. Kb1 Be7 20. Rh3 Rhe8 21. a3 Qd7 22. Bf1 Ka8 23. Be1 Bf8 24. Bf2 Qc7 25. Rc1 Qb8 26. Bg2 Nd5 27. Na4 Qc8 28. Rhh1 Qd7 29. Rhd1 Qc7 30. Bf3 Nb6 31. Nxb6+ Qxb6 32. Qa4 Rd5 33. Bxd5 exd5 34. Rd3 Nd6 35. Be1 Qc7 36. Qc2 Qd7 37. Rb3 Qf5 38. Qxf5 1/2-1/2

[Event "Sterkrade- Langenfeld"]
[Site "?"]
[Date "2023.12.03"]
[Round "4.4"]
[White "Grewe, Ludger"]
[Black "Pejkovic, Patrick Slavko"]
[Result "0-1"]
[WhiteElo "2137"]
[BlackElo "2087"]
[PlyCount "64"]
[EventDate "2023.??.??"]

1. e4 e5 2. Nf3 Nc6 3. Bb5 a6 4. Ba4 d6 5. c4 Bd7 6. Nc3 g6 7. d4 exd4 8. Nxd4 Bg7 9. Be3 Nge7 10. O-O O-O 11. Re1 f5 12. exf5 Nxf5 13. Nxf5 Rxf5 14. Rc1 Qh4 15. c5 Rh5 16. h3 Bxh3 17. gxh3 Qxh3 18. Bb3+ Kh8 19. Bd5 Rh4 20. Ne2 Rf8 21. Bg2 Qh2+ 22. Kf1 Rg4 23. Nf4 Rfxf4 24. Bxc6 bxc6 25. Bxf4 Qh3+ 26. Ke2 Rxf4 27. Qb3 Qh5+ 28. Kf1 Bd4 29. Re8+ Kg7 30. Re7+ Kh6 31. Rf7 Rxf7 32. Qxf7 Qh1+ 0-1

[Event "Sterkrade- Langenfeld"]
[Site "?"]
[Date "2023.12.03"]
[Round "4.5"]
[White "Hendrichs, Udo"]
[Black "Kuckling, Hannah"]
[Result "1-0"]
[WhiteElo "1960"]
[BlackElo "2083"]
[PlyCount "107"]
[EventDate "2023.??.??"]

1. d4 d5 2. Nf3 e6 3. e3 a6 4. Bd3 Nf6 5. Nbd2 c5 6. c3 Nc6 7. O-O Bd6 8. Qe2 O-O 9. dxc5 Bxc5 10. e4 Re8 11. e5 Nd7 12. Nb3 Be7 13. Bf4 f6 14. exf6 Bxf6 15. Bc2 e5 16. Bg3 Nb6 17. h3 Nc4 18. Rad1 Be6 19. Nbd2 Nxd2 20. Rxd2 Bf7 21. Qd1 Qb6 22. Bh4 Na5 23. Bxf6 Qxf6 24. Rxd5 Nc6 25. Rd2 Qf4 26. Bb3 Rf8 27. Rd7 e4 28. Rxf7 Rxf7 29. Bxf7+ Qxf7 30. Ng5 Qxa2 31. Nxe4 Qxb2 32. Qd5+ Kh8 33. Ng5 h6 34. Nf7+ Kh7 35. Qe4+ Kg8 36. Qg6 Qd2 37. f4 Qe3+ 38. Kh1 Qe2 39. Nxh6+ Kh8 40. Nf7+ Kg8 41. Rf3 Qe8 42. Nh6+ Kh8 43. Qg5 Rd8 44. Nf5 Qf7 45. Rg3 Qf6 46. Qh5+ Kg8 47. Rxg7+ Qxg7 48. Nxg7 Kxg7 49. Qg5+ Kf7 50. Qf5+ Kg7 51. g4 Ne7 52. Qg5+ Kf7 53. f5 Rg8 54. Qe3 1-0

[Event "Sterkrade- Langenfeld"]
[Site "?"]
[Date "2023.12.03"]
[Round "4.7"]
[White "Bosbach, Jens"]
[Black "Finke, Tobias"]
[Result "0-1"]
[WhiteElo "1981"]
[BlackElo "2037"]
[PlyCount "92"]
[EventDate "2023.??.??"]

1. d4 Nf6 2. Nf3 d5 3. e3 Bg4 4. Nbd2 e6 5. c4 c6 6. Bd3 Bb4 7. O-O O-O 8. Qc2 dxc4 9. Qxc4 Ba5 10. Ne5 Bh5 11. b3 Nbd7 12. Ndf3 Bc7 13. Bb2 Ng4 14. h3 Ngxe5 15. Nxe5 Nxe5 16. dxe5 Qd5 17. Qe4 Bg6 18. Qxd5 exd5 19. Bxg6 hxg6 20. Rac1 Rfe8 21. Rc5 Bxe5 22. Bxe5 Rxe5 23. Rfc1 a5 24. Kf1 Re4 25. a3 Kf8 26. Ke2 Ke7 27. g3 g5 28. f3 Re6 29. g4 Kd6 30. Kd3 Rf6 31. Ke2 Rh6 32. e4 Rxh3 33. Ke3 Rh2 34. exd5 Re8+ 35. Kd3 Re5 36. Rxa5 Rxd5+ 37. Rxd5+ Kxd5 38. a4 Rb2 39. Rc3 g6 40. Ke3 f6 41. f4 Rh2 42. Rd3+ Ke6 43. Ke4 f5+ 44. gxf5+ gxf5+ 45. Kd4 Rh4 46. Kc5 Rxf4 0-1

[Event "Südlohn - Münster 3"]
[Site "?"]
[Date "2023.12.03"]
[Round "4.1"]
[White "Becker, Stefan"]
[Black "Mamedov, Aflatun"]
[Result "0-1"]
[WhiteElo "2074"]
[BlackElo "2164"]
[PlyCount "80"]
[EventDate "2023.??.??"]

1. e4 e5 2. Nf3 Nc6 3. Nc3 g6 4. d4 exd4 5. Nxd4 Bg7 6. Be3 d6 7. Qd2 Nf6 8. f3 O-O 9. O-O-O d5 10. exd5 Nxd5 11. Nxd5 Qxd5 12. c4 Qd6 13. Nxc6 Qxc6 14. Bh6 Be6 15. Bxg7 Kxg7 16. Qc3+ Kg8 17. Bd3 Rad8 18. Be2 Qc5 19. h4 Qf2 20. Rde1 c5 21. h5 Rd4 22. hxg6 fxg6 23. Bd3 Bf7 24. Re2 Qg3 25. b3 Rfd8 26. Be4 Qd6 27. Ree1 Qf4+ 28. Kb1 b6 29. Bc2 a5 30. Re7 a4 31. Rhe1 a3 32. Qe3 Qf6 33. Qe5 Kg7 34. g4 h6 35. Re2 Rf4 36. Re3 Qxe5 37. R7xe5 Rd2 38. Re7 Rf2 39. Bd1 Rd4 40. Be2 Rd2 0-1

[Event "Südlohn - Münster 3"]
[Site "?"]
[Date "2023.12.03"]
[Round "4.2"]
[White "Teloeken, Andreas"]
[Black "Molinaroli, Martin"]
[Result "1/2-1/2"]
[WhiteElo "2082"]
[BlackElo "2086"]
[PlyCount "70"]
[EventDate "2023.??.??"]

1. Nf3 d5 2. e3 Nf6 3. b3 Bf5 4. Bb2 e6 5. Ne5 Nbd7 6. Nxd7 Qxd7 7. Be2 h6 8. f4 Qc6 9. Nc3 a6 10. O-O Be7 11. Rc1 Qd7 12. Nb1 O-O 13. g4 Bh7 14. Qe1 Bc5 15. Bxf6 gxf6 16. Qh4 Rfd8 17. Qxh6 Bf8 18. Qxf6 Bg7 19. Qg5 d4 20. f5 exf5 21. gxf5 f6 22. Qh5 dxe3 23. dxe3 Qe8 24. Qf3 Bh6 25. Bc4+ Kh8 26. Rce1 Qe5 27. e4 Bf8 28. Re2 Bc5+ 29. Kh1 Rd4 30. Bd3 Rg8 31. Rg2 Rxg2 32. Qxg2 Rd7 33. Nd2 Rg7 34. Qe2 Bg8 35. c4 Bf7 1/2-1/2

[Event "Südlohn - Münster 3"]
[Site "?"]
[Date "2023.12.03"]
[Round "4.3"]
[White "Baumann, Stephan"]
[Black "Engels, Natia"]
[Result "1-0"]
[WhiteElo "2062"]
[BlackElo "2096"]
[PlyCount "83"]
[EventDate "2023.??.??"]

1. e4 c5 2. Nc3 Nc6 3. Bb5 g6 4. f4 Bg7 5. Nf3 d6 6. O-O Nf6 7. d3 O-O 8. Bxc6 bxc6 9. Qe1 Bg4 10. Qh4 Qd7 11. Bd2 Rab8 12. b3 Bxf3 13. Rxf3 c4 14. Re1 cxd3 15. Rxd3 Qg4 16. Qf2 Qd7 17. f5 d5 18. Qh4 a5 19. Bf4 Qa7+ 20. Be3 Qc7 21. Bf4 Qa7+ 22. Kh1 Rb4 23. Rh3 h5 24. Be3 d4 25. Bg1 Ng4 26. Ne2 e5 27. fxe6 fxe6 28. Qg5 Qf7 29. Rf3 Rb5 30. Rxf7 Rxg5 31. Rxf8+ Kxf8 32. Nxd4 Ke7 33. a4 Bxd4 34. Bxd4 c5 35. h4 cxd4 36. hxg5 Ne3 37. Rxe3 dxe3 38. Kg1 Kd6 39. Kf1 Ke5 40. Ke2 Kxe4 41. c3 h4 42. b4 1-0

[Event "Südlohn - Münster 3"]
[Site "?"]
[Date "2023.12.03"]
[Round "4.4"]
[White "Doennebrink, Elmar"]
[Black "Wieder, Heiner"]
[Result "1/2-1/2"]
[WhiteElo "2088"]
[BlackElo "2091"]
[PlyCount "44"]
[EventDate "2023.??.??"]

1. e4 c5 2. Nf3 d6 3. d4 cxd4 4. Qxd4 a6 5. Be2 Nc6 6. Qe3 Nf6 7. h3 e6 8. c4 Be7 9. O-O O-O 10. Rd1 Qc7 11. Nc3 b6 12. b3 Bb7 13. Ba3 d5 14. Bxe7 Nxe7 15. cxd5 exd5 16. Rac1 Qc5 17. Nd4 dxe4 18. Nxe4 Qe5 19. Nxf6+ Qxf6 20. Nf3 Nd5 21. Qd4 Nf4 22. Qxf6 Nxe2+ 1/2-1/2

[Event "Südlohn - Münster 3"]
[Site "?"]
[Date "2023.12.03"]
[Round "4.5"]
[White "Seegers, Hendrik"]
[Black "Hater, Wolfgang"]
[Result "1-0"]
[WhiteElo "2096"]
[BlackElo "2085"]
[PlyCount "77"]
[EventDate "2023.??.??"]

1. d4 d6 2. Nf3 Nf6 3. c4 Nbd7 4. Nc3 e5 5. e3 c6 6. Qc2 a6 7. Be2 Be7 8. O-O O-O 9. Rd1 Qc7 10. b3 Re8 11. Bb2 exd4 12. Nxd4 Nc5 13. h3 a5 14. Rac1 Bf8 15. Bf3 Bd7 16. Ba1 Re5 17. Nce2 Nfe4 18. Nf4 Rae8 19. Nd3 Nxd3 20. Qxd3 Nc5 21. Qd2 Ra8 22. a3 Ne4 23. Qd3 Rae8 24. Nb5 cxb5 25. Bxe5 Nc5 26. Bxd6 Nxd3 27. Bxc7 Nxc1 28. Rxd7 Nxb3 29. cxb5 Nc5 30. Rd5 a4 31. Bb6 Rd8 32. Rd4 Ra8 33. Rc4 Nd7 34. Bd4 Bxa3 35. Bxb7 Rb8 36. Rc7 Nf8 37. Be5 Rd8 38. Bc6 Ne6 39. Ra7 1-0

[Event "Südlohn - Münster 3"]
[Site "?"]
[Date "2023.12.03"]
[Round "4.6"]
[White "Funke, Reinhard"]
[Black "Ollech, Dirk"]
[Result "1/2-1/2"]
[WhiteElo "2083"]
[BlackElo "1936"]
[PlyCount "102"]
[EventDate "2023.??.??"]

1. Nf3 c5 2. c4 Nc6 3. g3 g6 4. Bg2 Bg7 5. Nc3 Nf6 6. a3 O-O 7. O-O d5 8. cxd5 Nxd5 9. Nxd5 Qxd5 10. d3 Qd6 11. Qc2 e5 12. Rb1 b6 13. Bd2 Bb7 14. Rfc1 Rac8 15. Qa4 Rc7 16. b4 cxb4 17. axb4 Rfc8 18. Bh3 f5 19. Qa2+ Kh8 20. Ng5 Nd8 21. Rxc7 Rxc7 22. Qa4 Qc6 23. Qxc6 Rxc6 24. Bg2 Rc2 25. Bxb7 Nxb7 26. Rc1 Rxc1+ 27. Bxc1 Nd8 28. f4 h6 29. Nf3 e4 30. dxe4 fxe4 31. Ne1 Bc3 32. Nc2 a5 33. bxa5 bxa5 34. Kf2 Nb7 35. Ke3 Nd6 36. Ba3 Nc4+ 37. Kxe4 Nxa3 38. Nxa3 Bb2 39. Nc2 Kg7 40. Kd5 Kf6 41. e4 g5 42. h3 gxf4 43. gxf4 a4 44. Nd4 a3 45. e5+ Kf7 46. Nb3 a2 47. Kd6 a1=Q 48. Nxa1 Bxa1 49. Kd7 Kg6 50. Ke6 Bc3 51. f5+ Kg7 1/2-1/2

[Event "Südlohn - Münster 3"]
[Site "?"]
[Date "2023.12.03"]
[Round "4.7"]
[White "Meyer, Ulrich"]
[Black "Teloeken, Daniel"]
[Result "0-1"]
[WhiteElo "1829"]
[BlackElo "1899"]
[PlyCount "80"]
[EventDate "2023.??.??"]

1. d4 Nf6 2. Bg5 e6 3. Nd2 d5 4. e3 Be7 5. Bd3 b6 6. c3 Bb7 7. f4 Ne4 8. Bxe7 Qxe7 9. Ngf3 Nd7 10. O-O O-O 11. Ne5 f5 12. Nxd7 Qxd7 13. Nf3 Nf6 14. Ne5 Qe7 15. g4 Nd7 16. gxf5 exf5 17. Qh5 Nxe5 18. fxe5 g6 19. Qh6 Bc8 20. Rf3 Be6 21. Raf1 Rf7 22. Rg3 Raf8 23. Rf4 Rg7 24. Rg5 Rff7 25. h4 c5 26. Rf2 cxd4 27. cxd4 Qb4 28. Rgg2 f4 29. Kh2 f3 30. Rg1 Bf5 31. a3 Qf8 32. Bb5 Be4 33. Rg5 Qc8 34. Bf1 Qc1 35. e6 Re7 36. Rg1 Qe1 37. Rc2 Bxc2 38. Qf4 h5 39. Qxf3 Qxh4+ 40. Bh3 Be4 0-1

[Event "Südlohn - Münster 3"]
[Site "?"]
[Date "2023.12.03"]
[Round "4.8"]
[White "Wittek, Felix"]
[Black "Kaufhold, Thomas"]
[Result "1-0"]
[WhiteElo "1583"]
[BlackElo "2042"]
[PlyCount "103"]
[EventDate "2023.??.??"]

1. e4 Nf6 2. e5 Nd5 3. d4 d6 4. c4 Nb6 5. exd6 cxd6 6. Nf3 Bg4 7. Be2 Nc6 8. O-O g6 9. h3 Bxf3 10. Bxf3 Bg7 11. Bxc6+ bxc6 12. b3 c5 13. Bb2 d5 14. Bc3 cxd4 15. Bxd4 e5 16. Qe2 O-O 17. Bxb6 axb6 18. Nc3 dxc4 19. Rad1 Qc7 20. Nd5 Qc5 21. b4 Qb5 22. Nc7 Qxb4 23. Nxa8 Rxa8 24. Rb1 Qc5 25. Rfc1 Rc8 26. Rc2 f5 27. Rbc1 b5 28. Qe3 Kf7 29. Rd1 Qxe3 30. fxe3 Ke6 31. Kf2 e4 32. Rcd2 Be5 33. Ke2 Ra8 34. Rb1 Rb8 35. Rbd1 Ra8 36. Rb1 Rb8 37. Rbd1 h5 38. Rd8 Rb7 39. Rc8 Rc7 40. Rxc7 Bxc7 41. Rb1 Kd5 42. Rxb5+ Kc6 43. a4 Bd6 44. Rb1 Bc7 45. Kd2 Bb6 46. Rb5 c3+ 47. Kxc3 Bxe3 48. Kc4 Bg1 49. a5 Ba7 50. a6 f4 51. Rb7 f3 52. gxf3 1-0

[Event "Erkenschwick  2 - Gütersloh"]
[Site "?"]
[Date "2023.12.03"]
[Round "4.1"]
[White "Plassmann, Dominik"]
[Black "Homs, Guust"]
[Result "1-0"]
[WhiteElo "2148"]
[BlackElo "2161"]
[PlyCount "87"]
[EventDate "2023.??.??"]

1. e4 e5 2. Nc3 Nc6 3. g3 Bc5 4. Bg2 a6 5. Nge2 d6 6. d3 Nf6 7. O-O O-O 8. h3 Nd4 9. Kh2 c6 10. f4 h6 11. Nxd4 Bxd4 12. Qf3 exf4 13. gxf4 Ne8 14. Ne2 Bb6 15. f5 Nf6 16. Ng3 Re8 17. Bf4 Bd4 18. c3 Be5 19. d4 Bxf4 20. Qxf4 Qc7 21. Rae1 Bd7 22. e5 dxe5 23. dxe5 Nh7 24. Nh5 Kh8 25. Nxg7 Kxg7 26. f6+ Kh8 27. Qxh6 Rg8 28. Be4 Qxe5+ 29. Rf4 Qxf4+ 30. Qxf4 Rae8 31. Qh4 Rxe4 32. Rxe4 Bf5 33. Rf4 Be6 34. c4 Rg6 35. Qf2 Ng5 36. Qd4 Rh6 37. Qd8+ Kh7 38. h4 Nh3 39. Qd3+ Kh8 40. Qd8+ Kh7 41. Qf8 Rg6 42. Rf3 Rg8 43. Qc5 Ng1 44. Qh5# 1-0

[Event "Erkenschwick 2 - Gütersloh"]
[Site "?"]
[Date "2023.12.03"]
[Round "4.2"]
[White "Krings, Christoph"]
[Black "Ebert, Manuel"]
[Result "1/2-1/2"]
[WhiteElo "2169"]
[BlackElo "2128"]
[PlyCount "108"]
[EventDate "2023.??.??"]

1. d4 Nf6 2. Nf3 e6 3. g3 c5 4. Bg2 Nc6 5. O-O Be7 6. c4 cxd4 7. Nxd4 O-O 8. Nc3 a6 9. e4 Qc7 10. b3 d6 11. Bb2 Bd7 12. Rc1 Nxd4 13. Qxd4 Rad8 14. Rfd1 Qa5 15. Qe3 b5 16. cxb5 axb5 17. a4 bxa4 18. Ra1 Qb4 19. Nxa4 Rb8 20. Ra3 Rfc8 21. Rd4 Qa5 22. Rd2 Bc6 23. Nc3 Qh5 24. Bf3 Ng4 25. Bxg4 Qxg4 26. f3 Qh5 27. Ne2 d5 28. Ra7 Bg5 29. f4 Bd8 30. Bd4 dxe4 31. Ra1 Bd5 32. Rb1 Qh3 33. Nc3 Rxb3 34. Rxb3 Bxb3 35. Qxe4 Bd5 36. Qe3 Bb7 37. Rf2 Ra8 38. Ne4 Be7 39. f5 exf5 40. Ng5 Qg4 41. Nxf7 Qe4 42. Qxe4 Bxe4 43. Ne5 Ra4 44. Be3 Ra3 45. Bd4 Bf6 46. Rb2 h5 47. Rd2 h4 48. Nc4 Bxd4+ 49. Rxd4 Ra1+ 50. Kf2 Rh1 51. gxh4 Rxh2+ 52. Kg3 Rg2+ 53. Kh3 Rg4 54. Rd8+ Kh7 1/2-1/2

[Event "Erkenschwick  - Gütersloh"]
[Site "?"]
[Date "2023.12.03"]
[Round "4.3"]
[White "Neumann, Theodor"]
[Black "Schulz, Dennis"]
[Result "1-0"]
[WhiteElo "1940"]
[BlackElo "2011"]
[PlyCount "93"]
[EventDate "2023.??.??"]

1. e4 c6 2. d4 d5 3. e5 Bf5 4. Ne2 e6 5. Ng3 Bg6 6. h4 h6 7. h5 Bh7 8. Bd3 Bxd3 9. cxd3 Nd7 10. Be3 Ne7 11. Nd2 c5 12. dxc5 Nxe5 13. Nb3 N7c6 14. f4 Nd7 15. d4 Be7 16. Qf3 Nf6 17. O-O O-O 18. a3 a5 19. Nc1 b6 20. Nd3 bxc5 21. dxc5 Rb8 22. Qd1 Qc7 23. Qa4 d4 24. Bd2 Qb7 25. b4 axb4 26. axb4 Ra8 27. Qb3 Qb5 28. Rae1 Nd5 29. f5 Bh4 30. Rf3 Na5 31. Qc2 Nc4 32. Re4 Bxg3 33. Rxg3 Ra1+ 34. Kh2 Nce3 35. Bxe3 Nxe3 36. Rexe3 dxe3 37. Qc3 f6 38. Qxa1 Qxd3 39. Qa7 Rf7 40. Qa8+ Rf8 41. Qb7 Rf7 42. Qc8+ Kh7 43. Qxe6 Rb7 44. Rxe3 Qd1 45. Qe8 Re7 46. Qg6+ Kg8 47. Rxe7 1-0

[Event "Erkenschwick 2 - Gütersloh"]
[Site "?"]
[Date "2023.12.03"]
[Round "4.4"]
[White "Eggenstein, Frank"]
[Black "Hofmann, Martin"]
[Result "0-1"]
[WhiteElo "1965"]
[BlackElo "1962"]
[PlyCount "58"]
[EventDate "2023.??.??"]

1. e4 c5 2. Nf3 Nc6 3. Bb5 Nf6 4. Qe2 Nd4 5. Nxd4 cxd4 6. c3 Qb6 7. Ba4 e6 8. O-O Bc5 9. b4 Be7 10. a3 O-O 11. Bb2 a5 12. Bc2 axb4 13. axb4 Rxa1 14. Bxa1 Qa7 15. Bb2 Qa2 16. e5 Qxb2 17. exf6 Bxf6 18. Qd3 g6 19. b5 d5 20. cxd4 Qxd4 21. Nc3 Bd7 22. Rb1 Rc8 23. Ne2 Qc5 24. Bd1 Qc4 25. Qa3 Qc5 26. Qb3 Qb6 27. Qd3 Rc4 28. Qe3 Qa5 29. Qb3 Qxd2 0-1

[Event "Erkenschwick 2 - Gütersloh"]
[Site "?"]
[Date "2023.12.03"]
[Round "4.5"]
[White "Wulfhorst, Noah"]
[Black "Al Marawi, Abdulhadi"]
[Result "0-1"]
[WhiteElo "1856"]
[BlackElo "2029"]
[PlyCount "50"]
[EventDate "2023.??.??"]

1. Nf3 d5 2. e3 c5 3. b3 Nc6 4. Bb2 Bg4 5. d4 cxd4 6. exd4 Nf6 7. Bd3 e6 8. O-O Bd6 9. Nbd2 O-O 10. Re1 Rc8 11. a3 Bf4 12. Nf1 Qb6 13. h3 Bh5 14. N1h2 Qc7 15. g4 Bg6 16. Nf1 Ne4 17. Nh4 Ne7 18. Nxg6 Nxg6 19. Bxe4 dxe4 20. c4 f5 21. f3 Bg3 22. Re3 fxg4 23. hxg4 Nh4 24. Rxe4 Rxf3 25. Kh1 Bf2 0-1

[Event "Erkenschwick 2 - Gütersloh"]
[Site "?"]
[Date "2023.12.03"]
[Round "4.6"]
[White "Strozewski, Frank"]
[Black "Lueckner, Andreas"]
[Result "1/2-1/2"]
[WhiteElo "2065"]
[BlackElo "1993"]
[PlyCount "43"]
[EventDate "2023.??.??"]

1. c4 e6 2. d4 Nf6 3. Nc3 d5 4. Bf4 dxc4 5. e3 b5 6. Nxb5 Bb4+ 7. Nc3 Nd5 8. Rc1 Bb7 9. Nf3 Nxf4 10. Qa4+ Nc6 11. exf4 O-O 12. Bxc4 Qf6 13. O-O Bd6 14. Ne2 Bxf4 15. Rc3 Bd6 16. Ba6 Bxa6 17. Qxa6 Nb4 18. Qc4 Rab8 19. a3 Nd5 20. Rc2 Rb7 21. b4 Rfb8 22. Ng3 1/2-1/2

[Event "Erkenschwick 2 - Gütersloh"]
[Site "?"]
[Date "2023.12.03"]
[Round "4.7"]
[White "Hanhoerster, Stephan"]
[Black "Riechenberg, Maximilian"]
[Result "0-1"]
[WhiteElo "2107"]
[BlackElo "1846"]
[PlyCount "56"]
[EventDate "2023.??.??"]

1. d4 d5 2. Nf3 Nf6 3. c4 c6 4. Nbd2 Bf5 5. Nh4 Bg6 6. Qb3 Qc8 7. e3 e6 8. Nxg6 hxg6 9. Nf3 Bd6 10. Bd2 Nbd7 11. Rc1 O-O 12. Bd3 e5 13. dxe5 Nxe5 14. Nxe5 Bxe5 15. O-O Rd8 16. f4 Bc7 17. f5 g5 18. cxd5 Nxd5 19. e4 Nf4 20. Bxf4 Bxf4 21. Bc4 Qc7 22. Qh3 Bxc1 23. f6 gxf6 24. Rxf6 Rd1+ 25. Kf2 Qb6+ 26. Kg3 Qe3+ 27. Rf3 Qe1+ 28. Kg4 Qh4+ 0-1

[Event "Erkenschwick 2 - Gütersloh"]
[Site "?"]
[Date "2023.12.03"]
[Round "4.8"]
[White "Jungbluth, Rolf"]
[Black "Grochtmann, Stephan"]
[Result "1/2-1/2"]
[WhiteElo "2053"]
[BlackElo "1947"]
[PlyCount "104"]
[EventDate "2023.??.??"]

1. c4 Nc6 2. Nc3 e5 3. g3 Bc5 4. Bg2 d6 5. d3 Nf6 6. Nf3 Bf5 7. h3 Qd7 8. e4 Be6 9. Ng5 Nd4 10. Ne2 h6 11. Nxd4 Bxd4 12. Nxe6 fxe6 13. Qe2 O-O 14. Be3 Bxe3 15. Qxe3 Qf7 16. O-O c5 17. a3 Qh5 18. Rab1 Nd7 19. b4 b6 20. Rb2 Rf6 21. a4 a5 22. bxc5 dxc5 23. Qe2 Qxe2 24. Rxe2 g5 25. Rb2 Raf8 26. f3 Kg7 27. Kf2 h5 28. Ke3 h4 29. g4 Kf7 30. Rfb1 Rb8 31. Rb5 Ke7 32. Ke2 Kd6 33. R5b3 Kc7 34. Rf1 Rb7 35. Rf2 Nb8 36. Ke3 Nc6 37. Bf1 Rf8 38. Be2 Nd4 39. Rb2 Kb8 40. Bd1 Ka7 41. Rbd2 Rd7 42. Rb2 Rfd8 43. Rfd2 Nc6 44. Be2 Nb4 45. Rb3 Kb8 46. Bf1 Kb7 47. Be2 Rd6 48. Rdb2 Na6 49. Bf1 Nc7 50. Rf2 Ne8 51. Bg2 Kc7 52. Rfb2 Nf6 1/2-1/2

[Event "Holsterhausen - Katernberg 3"]
[Site "Essen"]
[Date "2024.02.04"]
[Round "5.2"]
[White "Walbaum, Klaus"]
[Black "Rosen, Willy"]
[Result "1-0"]
[WhiteElo "2111"]
[BlackElo "2110"]
[PlyCount "102"]
[EventDate "2024.??.??"]

1. d4 Nf6 2. Bg5 c5 3. d5 Ne4 4. Bc1 e5 5. g3 f5 6. Bg2 Nf6 7. Nc3 d6 8. Nf3 Be7 9. Nd2 O-O 10. a4 Na6 11. Nc4 Nb4 12. O-O b6 13. Nxe5 dxe5 14. d6 Rb8 15. dxe7 Qxe7 16. Bg5 Be6 17. Qc1 h6 18. Bd2 Rbd8 19. b3 a5 20. Nb5 e4 21. c4 Nc6 22. Bc3 Rd7 23. Qb2 Rfd8 24. Rac1 Nd4 25. Rfe1 Bf7 26. h3 Nh5 27. e3 Nf3+ 28. Bxf3 exf3 29. Qb1 Qe4 30. Qxe4 fxe4 31. g4 Nf6 32. Bxf6 gxf6 33. Nc3 Rd3 34. Kh2 Bg6 35. Kg3 f5 36. Rc2 fxg4 37. hxg4 Kf7 38. Rh1 Kg7 39. Rb1 Kf6 40. Kf4 Ke6 41. Rh1 Rf8+ 42. Kg3 Rh8 43. Nd5 Rxb3 44. Nf4+ Kf6 45. Rd2 Bf7 46. Rd7 Rh7 47. Rh5 Kg7 48. Rf5 Kg8 49. Re5 Rb4 50. Nd5 Rg7 51. Nf6+ Kf8 1-0

[Event "Holsterhausen - Katernberg 3"]
[Site "Essen"]
[Date "2024.02.04"]
[Round "5.3"]
[White "Gorainow, Nikita"]
[Black "Sicars, Thorsten"]
[Result "1-0"]
[WhiteElo "2028"]
[BlackElo "2015"]
[PlyCount "53"]
[EventDate "2024.??.??"]

1. e4 e5 2. Nf3 d6 3. d4 Nf6 4. Nc3 Nbd7 5. Bc4 Be7 6. O-O O-O 7. h3 a6 8. a4 b6 9. Re1 Bb7 10. Qd3 h6 11. Be3 Re8 12. Rad1 Bf8 13. dxe5 Nxe5 14. Nxe5 Rxe5 15. Bf4 Re8 16. e5 dxe5 17. Bxf7+ Kh8 18. Qg6 exf4 19. Rxe8 Qxd1+ 20. Nxd1 Nxe8 21. Bxe8 Rd8 22. Nc3 Bc5 23. Bc6 Bxc6 24. Qxc6 Rd2 25. Ne4 Rxc2 26. Qe8+ Kh7 27. Nf6+ 1-0

[Event "Holsterhausen - Katernberg 3"]
[Site "Essen"]
[Date "2024.02.04"]
[Round "5.4"]
[White "Bobzin, Pierre"]
[Black "Heldt, Maximilian"]
[Result "1/2-1/2"]
[WhiteElo "2087"]
[BlackElo "2059"]
[PlyCount "85"]
[EventDate "2024.??.??"]

1. Nf3 d5 2. g3 Nf6 3. Bg2 g6 4. O-O Bg7 5. d3 O-O 6. Nbd2 Nc6 7. e4 Bg4 8. h3 dxe4 9. dxe4 Bd7 10. c3 Rb8 11. Qc2 b5 12. b4 Ne8 13. Bb2 Nd6 14. Rfe1 e5 15. Nb3 f5 16. Nfd2 f4 17. Nc5 Qc8 18. Nxd7 Qxd7 19. g4 Nd8 20. f3 Ne6 21. Bf1 Qe7 22. Nb3 Ng5 23. Qg2 Rfd8 24. Rad1 Rb6 25. Nc5 Nc4 26. Bxc4+ bxc4 27. Bc1 Rbd6 28. Rd5 Qf8 29. h4 Nf7 30. Red1 Qe7 31. g5 Rxd5 32. Rxd5 Rxd5 33. exd5 Nd6 34. Qe2 Qf7 35. Qd1 Qf5 36. Bd2 e4 37. fxe4 Nxe4 38. Nxe4 Qxe4 39. Qe1 Qxd5 40. Qe8+ Bf8 41. Bxf4 c6 42. Be5 Qd1+ 43. Kf2 1/2-1/2

[Event "Holsterhausen - Katernberg 3"]
[Site "Essen"]
[Date "2024.02.04"]
[Round "5.5"]
[White "Gallas, Noel"]
[Black "Lindenmaier, Reinhard"]
[Result "1-0"]
[WhiteElo "1938"]
[BlackElo "2041"]
[PlyCount "97"]
[EventDate "2024.??.??"]

1. e4 Nf6 2. e5 Nd5 3. d4 d6 4. c4 Nb6 5. exd6 exd6 6. Nc3 Be7 7. Bd3 Nc6 8. Nge2 Bg4 9. Be3 Bxe2 10. Bxe2 O-O 11. O-O f5 12. f4 Bf6 13. Bf2 Kh8 14. b3 Ne7 15. Bf3 c6 16. Qd3 Qd7 17. Rad1 Rad8 18. h3 g6 19. b4 d5 20. c5 Nc4 21. Rb1 a6 22. a4 Rfe8 23. Rb3 Qc7 24. g3 Ng8 25. b5 axb5 26. axb5 Bg7 27. Rfb1 Qf7 28. bxc6 bxc6 29. Rb7 Rd7 30. Rxd7 Qxd7 31. Na4 Nf6 32. Nb6 Nxb6 33. cxb6 Ne4 34. Be1 Nd6 35. Bf2 Rb8 36. Qa6 Qb7 37. Be2 Nc8 38. Rc1 Qxb6 39. Rxc6 Qxa6 40. Bxa6 Nb6 41. Rc5 Ra8 42. Bf1 Ra2 43. Rb5 Rxf2 44. Kxf2 Bxd4+ 45. Ke2 Na4 46. Rb4 Nc3+ 47. Kd3 Bf6 48. Rb6 Kg7 49. Rxf6 1-0